Іван Багряний або Через терни Гетсиманського саду (Запис № 357150)

МАРК-запис
000 -Лідер
fixed length control field 00808nam a22002537a 4500
001 - Контрольний номер
control field 70868
003 - Ідентифікатор контрольного номера
control field UA-OsUOA
005 - Дата та час останнього входження (трансакції)
control field 20260218142553.0
007 - Фіксоване поле фізичного опису
fixed length control field ta
008 - Елементи даних фіксованої довжини – загальна інформація
fixed length control field 20100921b un ||||| |||| 00| 0 ukr d
020 ## - Міжнародний стандартний книжковий номер (ISBN)
Міжнародний стандартний книжковий номер (ISBN) (НП) 5770786507
040 ## - Джерело каталогізації
Агенція оригінальної каталогізації UA-OsUOA
Мова каталогізації ukr
Агенція, яка здійснювала перезапис UA-OsUOA
Агенція, яка здійснювала модифікацію UA-OsUOA
041 ## - Код мови
Код мови тексту/ звукової доріжки чи окремого заголовка (П) ukr
080 ## - Індекс Універсальної десяткової класифікації
Індекс Універсальної десяткової класифікації (УДК) (НП) 821.161.2
090 ## - Локальний шифр розміщення
Класифікаційний індекс УДК 821.161.2
Авторський знак (НП) Ш95
100 ## - Основне введення – ім’я особи
Ім’я особи (НП) Шугай О.
9 (RLIN) 23224
245 ## - Відомості про назву
Назва (НП) Іван Багряний або Через терни Гетсиманського саду
Решта назви (НП) роман-дослідження
Дані про відповідальність (НП) Олександр Шугай
260 ## - Публікація, розповсюдження і т.п. (Вихідні дані)
Місце публікації, розповсюдження і т.п. (П) К.
Ім’я/ наймення видавництва, розповсюджувача і т.п. (П) Рада
Дата публікації, розповсюдження і т.п. (П) 1996
300 ## - Фізичний опис
Обсяг 480 с.
650 #7 - Додаткове предметне введення – тематичний термін
Тематичний термін чи географічна назва, як елемент введення (НП) 821.161.2 Українська література
Джерело заголовка чи терміна UDC
9 (RLIN) 41
942 ## - Додаткові елементи входу (Коха)
Тип елемента Koha Книги
Source of classification or shelving scheme Universal Decimal Classification
955 ## - Код типу видання за змістом
Код типу видання за змістом (НП) Літературно-художні видання
Фонди
Стан вилучень Стан втрат Джерело класифікації або схеми стелажів Стан уражень Не для кредиту Постійне місце розташування Поточне розміщення Дата придбання Джерело придбання Вартість, звичайна ціна покупки Інвентарний номер Усього замовленно Повний номер виклику Штрих-код Дата останнього перегляду Ціна ефективна від Тип елемента Koha Код колекції Вартість, ціна заміни Примітка, призначена для загального доступу
    Universal Decimal Classification     АБ - Абонемент НБ АБ - Абонемент НБ 18/02/2026 №05/16.02.2026 10.00     821.161.2 Ш95 169355 18/02/2026 18/02/2026 Книги Колекція Шевчука Валерія 10.00 з автографом О. Шугая
    Universal Decimal Classification     ЧЗ - Читальна зала ЧЗ - Читальна зала 21/09/2010 77/2010 10.00 129517   821.161.2 Ш95 129517 16/11/2021 21/09/2010 Книги      
    Universal Decimal Classification     ЧЗ - Читальна зала ЧЗ - Читальна зала 21/09/2010 77/2010 10.00 129518   821.161.2 Ш95 129518 09/11/2021 21/09/2010 Книги